| 000 | 01037cam a2200277 i 4500 | ||
|---|---|---|---|
| 003 | SA-RiAUC | ||
| 005 | 20250612060649.0 | ||
| 008 | 250605s2007 su g 000rp ara c | ||
| 017 | _a3271 / 1428. | ||
| 020 | _a9960622851 | ||
| 040 |
_aSA-AbKKU _bara _cSA-RiAUC _erda |
||
| 082 | 0 | 4 | _a811.9531 |
| 090 |
_a811.9531 _bح م ي |
||
| 100 | 1 |
_aالحميد، عبد الله بن محمد _eمؤلف. |
|
| 245 | 1 | 0 |
_aنبض الفؤاد / _cشعر عبد الله بن محمد الحميد. |
| 250 | _aالطبعة الأولى. | ||
| 264 | 1 |
_aجازان، السعودية : _bمنشورات نادي جازان الأدبي، _c2007 |
|
| 264 | 3 |
_aالرياض : _bمطابع الحميضي |
|
| 300 |
_a128 صفحة ؛ _c14 × 21 سم |
||
| 336 |
_aنص _btxt _2rdacontent _3كتاب |
||
| 337 |
_aبدون وسيط _bn _2rdamedia |
||
| 338 |
_aمجلد _bnc _2rdacarrier |
||
| 650 | 7 |
_aالشعر العربي _zالسعودية _yقرن 15 هجري. _2aucsh |
|
| 942 |
_2ddc _cBOOK _n0 |
||
| 949 |
_aSA-JeALM _d250605 _umohamedma123 _n1 |
||
| 999 |
_c8877 _d8877 |
||